[Event "Chess24 Legends of Chess"]
[Site "Online"]
[Date "2020.07.18"]
[Round "5.2"]
[White "Leko, Peter"]
[Black "Anand, Viswanathan"]
[Result "1/2-1/2"]
[WhiteElo "2710"]
[BlackElo "2751"]
[Annotator "TA"]
[PlyCount "122"]
[EventDate "2020.07.21"]
[EventType "tourn"]
[SourceTitle "playchess.com"]
[Source "ChessBase"]
[SourceQuality "1"]

{[%evp 13,122,25,19,16,16,10,13,14,13,12,0,0,0,0,0,0,0,0,0,0,6,6,6,7,5,8,7,0,0,0,4,0,58,59,61,19,36,25,53,15,69,18,65,60,72,73,133,139,129,0,127,109,189,0,0,0,0,0,20,22,164,0,0,0,0,0,0,0,0,-8,-4,-197,-177,-483,-463,-422,-455,-422,-422,-422,-422,-584,-592,-1241,-902,-1212,-1175,-914,-483,-483,-483,-485,-4,-4,0,0,0,0,0,0,0,0,0,0,0,0,0,0,0,0,0]} 1. e4 e5 2. Nf3 Nc6 3. Bc4 Bc5 4. O-O Nf6 5. d3 d6 6. c3 a6 7. a4 h6 8. Re1 $1 {8.Re1 scores better than 8.Nbd2. C54: Giuoco Piano: 4 c3 Nf6, main lines with 5 d4 and 5 d3.} a5 9. Nbd2 O-O 10. Nf1 Be6 11. Bb5 Na7 12. d4 exd4 13. Nxd4 Nxb5 14. axb5 Re8 15. Ng3 Bd7 16. h3 {[#]} Re5 $146 ({Predecessor:} 16... c6 17. bxc6 Bxc6 18. Nxc6 bxc6 19. Bf4 Qb6 20. Qc2 Rab8 21. Re2 Re6 22. Rae1 Rbe8 {½-½ (104) Vachier Lagrave,M (2789)-Karjakin,S (2782) Leuven 2018}) 17. c4 c6 18. bxc6 Bxc6 19. Nxc6 bxc6 20. Bd2 Qb6 21. Qf3 Bb4 ({Reject} 21... Qxb2 $6 22. Bc3 $16) 22. Be3 Qa6 ({Black should play} 22... Bc5 $11) 23. Rec1 $14 Rae8 {[%cal Rf6e4]} 24. Bd4 R5e6 {[%cal Rf6e4]} 25. Nf5 Kh7 $1 26. Rc2 Qb7 (26... Qc8 $11) 27. Rd1 (27. Re2 $1 $14) 27... Qc7 28. Re2 Bc5 29. Bc3 $40 {[%mdl 128] White has strong attack.} ({But not} 29. Bxf6 Rxf6 30. Qf4 Qb6 $11) 29... Bb4 (29... Qb8 $142) 30. Bxb4 $1 $16 axb4 {[#]} 31. Qg3 ({White must play} 31. Qd3 $1 $16) 31... g6 (31... Nh5 $11 {keeps the balance.} 32. Qf3 g6) 32. Nxd6 Nxe4 (32... Nh5 $16 {might work better.} 33. Qh2 (33. Nxe8 Nxg3 34. Nxc7 Nxe2+ 35. Kf1 Rxe4 $16) 33... R8e7) 33. Rxe4 $2 ({White has to play} 33. Nxe8 $18 Nxg3 34. Rxe6 (34. Nxc7 Nxe2+ 35. Kf1 Re4 $16)) 33... Rxd6 $1 $11 {[%mdl 64] Remove Defender} 34. Rxd6 Rxe4 $16 {[%mdl 4096] Endgame KQR-KQR} 35. c5 Re2 36. b3 Rc2 (36... Qe7 $11) 37. Rxg6 $2 (37. Qe5 $18) 37... Qxg3 38. Rxg3 Rxc5 $18 {KR-KR} 39. Rg4 Rc1+ 40. Kh2 c5 41. Rf4 Kg6 42. Re4 $2 (42. g4 $1 $11 {and White stays safe.}) 42... Kf5 $19 43. f3 $2 (43. Re7 {is a better chance.}) 43... Rc3 44. g4+ {[#]} Kf6 $1 (44... Kg6 $2 45. Re5 $19) 45. Rf4+ Ke6 46. Rf5 Kd6 47. Rxf7 Rxb3 48. h4 c4 49. g5 hxg5 50. hxg5 Ra3 51. g6 Ra8 {White must now prevent ...c3.} 52. Rb7 Rg8 $2 (52... b3 $19 53. f4 Rc8 54. Rb6+ Kd5) 53. f4 $11 {The position is equal.} Kc5 54. f5 {aiming for g7.} c3 55. g7 {Strongly threatening f6.} Kc6 {Hoping for ...c2.} 56. Rxb4 {Threatens to win with f6.} Rxg7 {And now ...Kd5 would win.} 57. Rc4+ Kd5 58. Rxc3 Rf7 59. Rf3 Ke4 60. Kg3 Rxf5 61. Rxf5 Kxf5 {Never resign too early! Accuracy: White = 68%, Black = 73%.} 1/2-1/2

[Event "Chess24 Legends of Chess"]
[Site "Online"]
[Date "2020.07.18"]
[Round "5.2"]
[White "Gelfand, Boris"]
[Black "Giri, Anish"]
[Result "1/2-1/2"]
[WhiteElo "2702"]
[BlackElo "2731"]
[Annotator "TA"]
[PlyCount "92"]
[EventDate "2020.07.21"]
[EventType "tourn"]
[SourceTitle "playchess.com"]
[Source "ChessBase"]
[SourceQuality "1"]

{[%evp 10,92,0,-1,0,0,-2,0,0,-2,0,0,-1,-69,20,0,0,12,3,7,15,0,0,0,0,3,19,-17,-14,-22,-19,-33,-16,-31,0,-42,-43,-51,-45,-52,-56,-43,-8,-10,0,-2,-4,-8,0,0,0,0,0,0,0,0,0,-6,-6,-6,-6,-6,-6,-6,-6,-26,-26,-26,-5,-5,-5,-5,-5,-5,-5,-20,-5,-5,-5,-5,-5,-5,-5,-5,0]} 1. Nf3 d5 2. g3 g6 3. Bg2 Bg7 4. O-O e5 5. d3 Nc6 6. e4 dxe4 {A07: Réti Opening: New York and Capablanca Systems.} 7. dxe4 Qxd1 8. Rxd1 Bg4 9. c3 Nf6 {[#]} 10. Nbd2 $146 ({Predecessor:} 10. h3 Bd7 11. Re1 O-O-O 12. Na3 Ne8 13. c4 Bf8 14. Nc2 Be6 15. b3 Nb4 16. Nxb4 Bxb4 {½-½ (94) Rapport,R (2731)-Shankland,S (2725) Wijk aan Zee 2019}) 10... O-O-O 11. h3 ({White should try} 11. Re1 $11) 11... Bd7 (11... Bxf3 $1 $15 12. Bxf3 Bh6) 12. Re1 Ne8 13. Nc4 Be6 14. Bf1 f6 15. Be3 Nd6 16. Nxd6+ Rxd6 17. b4 Kb8 18. Nd2 Nd8 {[%cal Bc6d8,Bd8f7,Bf7d6,Bd6e4][%mdl 32]} 19. Nb3 Nf7 20. Nc5 Bc8 $1 21. h4 Bh6 22. f4 Rdd8 23. a4 Rhe8 24. a5 Nd6 25. Rad1 b6 (25... Re7 {with more complications.} 26. Bb5 Bg4 27. Rd3 b6 28. Nb3 Bd7) 26. axb6 cxb6 {[#] Threatens to win with ...exf4.} 27. Na6+ Bxa6 28. Bxa6 Nxe4 29. Rxd8+ Rxd8 30. Bxb6 axb6 31. Rxe4 $11 {[%mdl 4096] Endgame KRB-KRB} Re8 32. Bb5 Re7 33. fxe5 Rxe5 34. Rxe5 fxe5 {KB-KB} 35. Bc4 Bd2 36. Bg8 h6 37. c4 Bxb4 38. Bh7 g5 39. hxg5 {The position is equal.} hxg5 40. Kf2 Kc7 41. Kf3 Kd6 42. Ke4 Be1 43. g4 Bd2 44. Bg8 Bf4 45. Bf7 Kc5 46. Bg8 Kd6 {Accuracy: White = 88%, Black = 88%.} 1/2-1/2

[Event "Chess24 Legends of Chess"]
[Site "Online"]
[Date "2020.07.18"]
[Round "5.2"]
[White "Ivanchuk, Vasyl"]
[Black "Carlsen, Magnus"]
[Result "1/2-1/2"]
[WhiteElo "2686"]
[BlackElo "2881"]
[Annotator "TA"]
[PlyCount "121"]
[EventDate "2020.07.21"]
[EventType "tourn"]
[SourceTitle "playchess.com"]
[Source "ChessBase"]
[SourceQuality "1"]

{[%evp 20,121,0,-10,0,0,6,2,43,5,15,0,0,0,27,-15,-11,-33,-30,-24,-21,-49,-41,-46,-27,-38,-53,-47,-47,-53,-47,-43,-44,-60,-48,-42,-46,-47,-14,-18,-35,-19,-4,-4,-4,-6,-6,-9,0,0,0,-6,-6,-3,0,0,0,0,0,0,0,0,0,0,0,0,0,0,0,0,0,0,0,0,0,0,0,0,0,0,0,0,0,0,0,0,0,0,0,0,0,0,0,0,0,0,0,0,0,0,0,0,0,0]} 1. d4 Nf6 2. c4 e6 3. Nf3 d5 4. Nc3 a6 5. e3 dxc4 6. a4 c5 7. Bxc4 Nc6 8. O-O cxd4 9. exd4 Be7 10. Re1 O-O 11. Bf4 Nd5 $5 {[%mdl 4] A promising side line. D26: Queen's Gambit Accepted: 4 e3 e6 5 Bxc5 c5 sidelines.} 12. Bg3 Bb4 {[#]} 13. Rc1 $146 ({Predecessor:} 13. Qd3 Nce7 14. Ng5 Nf5 15. f4 h6 16. Nf3 Qa5 17. Rac1 Bd6 18. Ne5 Nb4 19. Qe4 Nxg3 20. hxg3 Qb6 21. Kh2 Nc6 22. d5 Na5 {1-0 (24) Arkhipov,V-Pinigin,V (2068) Omsk 2008}) 13... Nce7 14. Qb3 a5 15. Bh4 f6 16. Bg3 Bd7 17. Re2 {[%cal Rc4d5]} Rc8 18. Rcc2 Kh8 19. Nb5 Qb6 20. Bd3 Rfd8 21. h3 Be8 22. Rxc8 Rxc8 23. Rc2 Rxc2 24. Qxc2 Qc6 25. Qxc6 Bxc6 26. b3 Nf5 27. Bb8 Kg8 28. Na7 Bd7 29. Bb5 Bxb5 30. Nxb5 g5 {The position is equal.} 31. Kf1 Kf7 32. Ke2 h5 33. Kd3 Kg6 34. g3 Kf7 35. Nd2 Bxd2 36. Kxd2 $11 {[%mdl 4096] Endgame KBN-KNN} Ke7 37. g4 hxg4 38. hxg4 Nh4 39. Bg3 Kd7 40. Ke2 Ng6 41. f3 Ngf4+ 42. Kd2 f5 43. Na3 fxg4 44. fxg4 Nf6 {[#] Threatens to win with ...Ne4+.} 45. Ke3 Nxg4+ 46. Kf3 Nh6 47. Bxf4 gxf4 48. Kxf4 {KN-KN} Nf5 49. Ke5 Ne7 50. Nc4 Nc6+ 51. Ke4 Kc7 52. Ne3 Kd6 53. Nc4+ Kc7 54. d5 exd5+ 55. Kxd5 b6 56. Ke4 Nb4 57. Kd4 Nc6+ 58. Kc3 Nb4 59. Kd4 Nc6+ 60. Kc3 Nb4 61. Kd4 {Accuracy: White = 93%, Black = 93%.} 1/2-1/2

[Event "Chess24 Legends of Chess"]
[Site "Online"]
[Date "2020.07.18"]
[Round "5.3"]
[White "Carlsen, Magnus"]
[Black "Ivanchuk, Vasyl"]
[Result "1-0"]
[WhiteElo "2881"]
[BlackElo "2686"]
[Annotator "TA"]
[PlyCount "91"]
[EventDate "2020.07.21"]
[EventType "tourn"]
[SourceTitle "playchess.com"]
[Source "ChessBase"]
[SourceQuality "1"]

{[%evp 10,91,25,7,22,30,41,13,20,30,31,24,37,38,39,36,33,39,41,29,39,43,56,47,43,43,47,38,55,41,43,27,29,27,48,39,71,70,68,50,56,37,60,65,60,6,13,12,35,33,40,18,20,13,63,0,0,0,0,0,0,0,0,0,0,-83,0,0,0,0,260,0,0,0,1243,285,351,337,907,904,829,797,647,639]} 1. d4 Nf6 2. c4 e6 3. Nf3 Bb4+ 4. Nbd2 O-O 5. a3 Be7 6. e4 d6 {Nowadays more popular than 6...d5. E11: Bogo-Indian.} 7. Be2 Nfd7 8. Nb1 d5 {The position is equal.} 9. Nc3 dxe4 10. Nxe4 {[#]} Nf6 $146 ({Predecessor:} 10... b6 11. Qc2 Bb7 12. O-O Nf6 13. Nc3 c5 14. Rd1 Qc8 15. Bf4 cxd4 16. Nxd4 a6 {0-1 (46) Mirzoyan,D (2350)-Repka,C (2524) Batumi 2018}) 11. Qc2 Nbd7 12. Nxf6+ Nxf6 13. O-O b6 14. Rd1 Bb7 15. b4 Be4 16. Qb3 Qc8 17. Ne5 Nd7 18. Qe3 Bb7 19. Nf3 Bf6 20. Bb2 Rd8 21. Rd2 Nf8 22. h4 Ng6 23. h5 Ne7 $1 24. d5 {Strongly threatening Bxf6.} Bxb2 25. Rxb2 Nf5 26. Qf4 $1 exd5 27. Bd3 (27. c5 $14) 27... Nh6 $1 $11 28. c5 bxc5 29. bxc5 Ba6 30. Bxa6 Qxa6 31. Nd4 Re8 32. f3 (32. Nb5 $14 Re4 33. Nxc7 Rxf4 34. Nxa6) 32... c6 33. Kh2 Rac8 34. Rb3 Qa5 35. Rc1 {[%cal Ba1c1,Bc1c2,Bc2b2][%mdl 32]} f6 36. Rb7 {And now Qg3! would win.} Re5 ({But not} 36... Qxa3 $2 37. Qg3 $1 $18 {[%mdl 512]}) 37. Qh4 (37. Qg3 $11 {keeps the balance.} Rxh5+ 38. Kg1) 37... Qd2 (37... Qxa3 $17 38. Re1 Qxc5) 38. Rc2 Qd3 (38... Qd1 $5 39. Rcb2 $8 Rce8 $11) 39. Rcb2 {aiming for Nxc6!} Nf5 $2 {[%mdl 8192] [#]} ({Avoid the trap} 39... Qxa3 $2 40. Qh3 $18) (39... Kh8 $11 {and Black is okay.}) 40. Nxf5 $2 $40 {[%mdl 128] White attacks.} (40. Qg4 $1 $18 {[%mdl 512] Nxf5 would kill now.} Qxd4 41. Rxg7+ $1 {[%mdl 512]} Kh8 42. Rbb7 Qxg4 43. Rxh7+ Kg8 44. fxg4) 40... Qxf5 41. h6 g5 $2 {[%mdl 8192]} (41... gxh6 $11 42. Qg3+ Qg5) 42. Rg7+ $2 (42. Qg4 Qf4+ {[#]} 43. Kh3 $1 {[%mdl 512]} Qxg4+ 44. Kxg4 f5+ 45. Kxg5 f4+ 46. Kxf4) 42... Kh8 43. Qg4 Qf4+ $2 (43... Qxg4 44. fxg4 Rg8) 44. g3 $18 {White is clearly winning.} Qxg4 45. fxg4 {White threatens Rbb7 and mate.} Rg8 46. Rxa7 {Accuracy: White = 76%, Black = 76%.} 1-0

[Event "Chess24 Legends of Chess"]
[Site "Online"]
[Date "2020.07.18"]
[Round "5.3"]
[White "Nepomniachtchi, Ian"]
[Black "Svidler, Peter"]
[Result "1-0"]
[WhiteElo "2778"]
[BlackElo "2742"]
[Annotator "TA"]
[PlyCount "93"]
[EventDate "2020.07.21"]
[EventType "tourn"]
[SourceTitle "playchess.com"]
[Source "ChessBase"]
[SourceQuality "1"]

{[%evp 26,93,10,13,19,19,29,32,33,36,38,33,26,28,54,52,43,45,49,49,74,50,84,58,65,65,82,61,76,65,70,66,66,64,60,58,85,81,99,95,101,77,68,88,68,43,108,77,49,45,136,136,204,107,103,95,224,226,231,225,213,210,218,206,493,506,488,79,5502,2707]} 1. e4 e5 2. Nf3 Nc6 3. Bb5 a6 4. Ba4 Nf6 5. O-O Be7 6. d3 d6 7. c3 O-O 8. Re1 Re8 9. Nbd2 Bf8 10. Nf1 h6 11. Ng3 b5 12. Bb3 Na5 13. Bc2 c5 14. d4 cxd4 {C90: Closed Ruy Lopez with 7...d6: Early deviations.} 15. cxd4 Nc6 16. d5 Nb4 {White is slightly better.} 17. Bb1 a5 $1 18. a3 Na6 19. b4 Bd7 20. Bd2 axb4 21. axb4 {[#]} Qb8 $146 ({Predecessor:} 21... Nc7 22. Bd3 Ra4 23. Qc2 Qb8 24. Bc3 Rc8 25. Qb2 Na8 26. Nd2 Nb6 27. Ne2 Be7 {½-½ (38) Brodsky,M (2559)-Rogovski,V (2474) Noyabrsk 2003}) 22. Bd3 Be7 23. Qe2 Rc8 24. Nh4 g6 $1 25. h3 ({Much weaker is} 25. Bxh6 Ng4 $15) 25... Kg7 26. Nf3 Bd8 27. Kh2 Bb6 28. Rf1 Nc7 29. Nh4 Rxa1 30. Rxa1 Nce8 31. f4 exf4 32. Bxf4 Bd4 33. Rf1 Be5 34. Bxe5 dxe5 35. Qb2 {aiming for Nf3.} Ng8 ({Black should play} 35... Nh7 $14) 36. Nf3 (36. Ra1 {keeps more tension.} f6 37. Qf2 Rc7 38. Be2 Kh7 39. Nf3) 36... f6 37. Nd2 $36 {[%mdl 2048] White is more active.} Nd6 (37... Qd6 $1 $14) 38. Nb3 $16 Nb7 {[#]} (38... Rc7 $16 39. Nc5 Ra7) 39. Rc1 ({White must play} 39. Ra1 $1 $18) 39... Rxc1 40. Qxc1 Ne7 (40... Nd6 $16 {was called for.} 41. Nc5 Qa7) 41. Nc5 $18 Be8 42. Ne6+ Kh7 43. Qf1 Ng8 44. Bxb5 Nd6 $2 {[#]} (44... Bf7 45. Bd7 Nd6) 45. Bxe8 Nxe8 46. Qa6 $2 (46. Qc4 $18 {Qc6 is the strong threat.} Ne7 47. Qc5) 46... Nd6 $2 {[%mdl 8192]} (46... Qxb4 $16 47. Nf1 Qe7) 47. Qc6 {Accuracy: White = 79%, Black = 53%.} 1-0

[Event "Chess24 Legends of Chess"]
[Site "Online"]
[Date "2020.07.18"]
[Round "5.3"]
[White "Kramnik, Vladimir"]
[Black "Ding, Liren"]
[Result "1/2-1/2"]
[WhiteElo "2756"]
[BlackElo "2836"]
[Annotator "TA"]
[PlyCount "203"]
[EventDate "2020.07.21"]
[EventType "tourn"]
[SourceTitle "playchess.com"]
[Source "ChessBase"]
[SourceQuality "1"]

{[%evp 16,203,0,0,9,0,15,-79,-5,-11,6,0,44,0,81,68,62,93,74,71,103,104,120,118,185,183,266,209,358,266,249,229,223,223,213,214,230,227,276,247,339,339,339,281,375,377,375,332,336,303,297,292,389,385,433,433,397,425,427,407,413,414,366,282,275,279,285,285,285,285,285,278,278,276,270,270,263,256,184,-32,-32,-32,-32,-32,-32,-32,0,-32,0,0,0,0,0,0,0,0,0,0,0,-59,-59,-59,-17,-17,-17,-17,-17,-17,-17,-20,-9,-9,-9,-97,-97,-97,-97,-97,-27,-20,0,-97,-97,-97,-97,-97,-97,-97,-97,-97,-97,-97,-97,-97,-97,-97,-97,-97,-97,-97,-97,-97,-97,-97,-97,-97,-97,-97,-97,-97,-97,-97,-97,-97,-97,-97,-97,-97,-97,-97,-97,-97,-97,-97,0,0,0,0,0,0,0,0,0,0,0,0,0,0,0,0,0,0,0,0,0,0,0,0,0,0]} 1. e4 c5 2. Nf3 d6 3. d4 cxd4 4. Nxd4 Nf6 5. Nc3 a6 6. Bc4 e6 7. Bb3 Nbd7 8. Be3 Nc5 9. f3 b5 {B86: Sicilian Scheveningen/Najdorf: 6 Bc4, without early ...b5.} 10. Qd2 Qc7 11. O-O-O (11. a3 $11 {keeps the balance.}) 11... Be7 (11... Bd7 $17) 12. g4 $11 b4 13. Na4 $1 {[#]} O-O $146 ({Predecessor:} 13... Bd7 14. Qxb4 Rb8 15. Qc3 O-O 16. Nxc5 dxc5 17. g5 Nh5 18. Ne2 Rfc8 19. Ng3 Nxg3 20. hxg3 {1-0 (60) Lipien,W (2066)-Daniel,D (1879) Poland 2013}) 14. Qxb4 (14. g5 $5 {[%cal Rg5f6]} Nfd7 15. Qxb4 $14) 14... Nxa4 (14... Bd7 $1 $11) 15. Qxa4 Bd7 16. Qc4 Qb7 17. g5 Nh5 18. Ba4 Bxa4 19. Qxa4 Rab8 (19... Rac8 $16) 20. Nc6 $1 $18 Qxb2+ 21. Kd2 Rfe8 (21... Bd8 $142 22. Nxb8 Qxb8) 22. Nxb8 Qxb8 23. Rb1 (23. Qxa6 d5 $14) 23... Qd8 24. Rhg1 (24. Qxa6 Bxg5 25. Rhg1 Bxe3+ 26. Kxe3 Qc7 $11) 24... d5 25. Kc1 $1 g6 26. Rb7 Ng7 27. Kb1 Qc8 28. Qxa6 e5 29. Qa7 (29. exd5 Nf5) 29... Bf8 30. Rxf7 d4 31. Bc1 Ne6 {and the idea ...d3 leaves Black hopeful.} 32. Qb7 ({Not} 32. Rxh7 Bg7 $18) 32... Qc4 33. Rxh7 {[%csl Gh7][%cal Rb7f7]} Nc5 34. Rc7 d3 35. Qd5+ Qxd5 36. exd5 Rb8+ 37. Ka1 e4 {Hoping for ...Bd6.} 38. Be3 Na6 39. Rc4 ({Stronger than} 39. fxe4 Nxc7 40. cxd3 Bg7+ 41. d4 Re8 $11) 39... Nb4 40. cxd3 $1 exd3 {[#]} 41. Bd4 $1 ({Avoid the trap} 41. Ba7 $2 Nc2+ 42. Rxc2 Bg7+ 43. Rb2 Bxb2+ 44. Kb1 Rb7 $19) 41... Nc2+ 42. Rxc2 dxc2 {[%mdl 4096] Endgame [#] KRB-KRB} 43. Rc1 $1 Rb5 44. Rxc2 Rxd5 45. Bf6 Ba3 46. Rc8+ Kf7 {( -> ...Rd1+)} 47. Kb1 $2 (47. Rb8 $18) 47... Rd1+ $15 48. Kc2 Rc1+ 49. Kb3 Rxc8 50. Kxa3 {KR-KB} Ke6 51. f4 Ra8+ {[%mdl 1024] Black has compensation.} 52. Kb2 Rb8+ 53. Kc3 Ra8 54. Kb3 Rb8+ 55. Kc3 Ra8 56. Kb2 Rb8+ 57. Ka1 (57. Kc2 $11) 57... Rb7 58. Be5 Rh7 59. Kb2 Rxh2+ 60. Kb3 Kd5 61. a4 Kc5 {aiming for ...Rh3+.} 62. a5 Kb5 {Strongly threatening ...Rh3+.} 63. Kc3 Ra2 64. Bc7 (64. Kd3 $11) 64... Ra4 $17 65. Kd3 Kc6 66. Be5 Kd5 (66... Rxa5 $17 67. Ke4 Ra4+ 68. Kd3 Kd5) 67. Bc7 $11 Kc6 (67... Ra3+ $11 68. Kd2 Kc6) 68. Be5 $1 $17 Rxa5 69. Ke4 Ra4+ 70. Kf3 Kd5 71. Bc7 Ra3+ 72. Kg4 Ke4 73. Bd6 Rf3 74. Bc7 Rf1 {Threatens to win with ...Rg1+.} 75. Kg3 Rg1+ 76. Kf2 Rc1 (76... Rb1 {is interesting.} 77. Be5 Rc1 78. Bb8 Rc2+ 79. Kg3 Rc4) 77. Be5 Rb1 78. Ke2 Rb3 79. Kf2 Rf3+ 80. Ke2 Rh3 {...Rh2+ is the strong threat.} 81. Kf2 Rh2+ 82. Kg3 Re2 83. Bc7 Re3+ 84. Kf2 Rf3+ 85. Kg2 Ke3 86. Be5 Ke2 87. Bd6 Rf2+ 88. Kg3 Rf1 89. Kg2 Rf2+ (89... Rc1 $17 90. Bb8 Rc4) 90. Kg3 $11 {The position is equal.} Kf1 91. Be5 Rg2+ 92. Kf3 Re2 93. Bd4 Rd2 94. Ke3 Re2+ 95. Kf3 Ra2 {[#]} 96. f5 $1 {[%mdl 512]} gxf5 97. Kf4 Ra4 98. Kxf5 Rxd4 99. g6 Rd8 100. g7 Rg8 101. Kg6 Rxg7+ 102. Kxg7 {Blacks defense is rewarded with a draw. Accuracy: White = 84%, Black = 74%.} 1/2-1/2

[Event "Chess24 Legends of Chess"]
[Site "Online"]
[Date "2020.07.18"]
[Round "5.3"]
[White "Anand, Viswanathan"]
[Black "Leko, Peter"]
[Result "1/2-1/2"]
[WhiteElo "2751"]
[BlackElo "2710"]
[Annotator "TA"]
[PlyCount "86"]
[EventDate "2020.07.21"]
[EventType "tourn"]
[SourceTitle "playchess.com"]
[Source "ChessBase"]
[SourceQuality "1"]

{[%evp 9,86,20,22,8,20,10,13,13,6,6,13,4,5,0,14,14,45,27,28,20,39,15,16,15,20,0,14,0,22,2,20,4,37,30,36,37,41,35,35,37,37,16,9,0,6,0,0,0,0,0,0,0,0,0,0,0,0,3,12,8,8,0,0,0,63,65,64,16,17,0,0,0,0,0,67,0,12,0,0]} 1. e4 e5 2. Nf3 Nc6 3. Bb5 Nf6 4. d3 Bc5 5. Bxc6 dxc6 6. Nbd2 {[%cal Bb1d2,Bd2c4,Bc4a5][%mdl 32] C65: Ruy Lopez: Berlin Defence (3...Nf6), unusual lines and 4 0-0 Bc5.} Nd7 7. Nc4 f6 $1 {[%mdl 4] is currently scoring better than 7...0-0. Played by Wesley So in May 2020.} 8. c3 Nb6 9. b4 Bd6 10. Na5 O-O 11. Be3 {[#]} Re8 $146 ({Predecessor:} 11... f5 12. a3 Qe8 13. O-O fxe4 14. dxe4 Bg4 15. Qb3+ Be6 16. Qd1 Bg4 17. Qb3+ Be6 18. Qd1 Bg4 19. Qb3+ Be6 20. Qd1 Bg4 21. Qb3+ Be6 {½-½ (21) Lombeck,G-Woznica,M (2348) ICCF email 2017}) 12. O-O Nd7 13. Nd2 Nf8 14. d4 Qd7 15. dxe5 fxe5 16. Nac4 Ng6 17. a4 Qf7 18. Qf3 Qe7 19. b5 Be6 20. bxc6 bxc6 21. Rfb1 Rf8 22. Qe2 Nf4 23. Bxf4 Rxf4 24. Nxd6 cxd6 25. Qe3 Rff8 26. Rb4 Rab8 27. Rab1 Qc7 28. h3 h6 29. Qd3 Kh7 30. Nf1 a5 31. Rxb8 Rxb8 32. Rd1 Rd8 33. Ne3 Kh8 34. c4 Qb6 35. Rb1 Qd4 36. Qc2 Rf8 (36... Rd7 $11) 37. Rd1 $14 Qc5 38. Qd3 Rd8 39. Rb1 Qd4 40. Qc2 Rf8 41. Rd1 ({White should play} 41. Rb7 $11) 41... Qc5 42. Qd3 (42. Qb3 $14) 42... Rd8 $11 43. Rb1 Qd4 {Accuracy: White = 94%, Black = 90%.} 1/2-1/2

[Event "Chess24 Legends of Chess"]
[Site "Online"]
[Date "2020.07.18"]
[Round "5.3"]
[White "Giri, Anish"]
[Black "Gelfand, Boris"]
[Result "1/2-1/2"]
[WhiteElo "2731"]
[BlackElo "2702"]
[Annotator "TA"]
[PlyCount "105"]
[EventDate "2020.07.21"]
[EventType "tourn"]
[SourceTitle "playchess.com"]
[Source "ChessBase"]
[SourceQuality "1"]

{[%evp 9,105,-11,14,-2,2,0,0,0,0,-9,-3,-8,-6,0,0,0,16,0,4,0,0,0,0,0,50,57,52,48,47,47,51,59,54,56,49,47,76,68,75,54,141,138,161,154,141,112,122,86,84,85,83,81,87,62,69,66,63,5,5,5,5,5,5,5,11,11,12,12,12,0,0,0,0,0,0,0,0,0,0,0,0,0,0,0,0,0,0,0,0,0,0,0,0,0,0,0,0,0]} 1. Nf3 c5 2. c3 d5 3. d4 Nf6 4. e3 Nbd7 5. Be2 g6 6. O-O {D05: Colle System with ...e6.} Bg7 7. b3 O-O 8. Bb2 b6 9. Nbd2 Bb7 10. Rc1 Rc8 11. c4 cxd4 12. Bxd4 Nc5 13. b4 Ne6 14. Be5 {[#]} Qd7 $146 ({Predecessor:} 14... Ne4 15. Bxg7 Kxg7 16. cxd5 Bxd5 17. Rxc8 Qxc8 18. Nxe4 Bxe4 19. Nd4 Bd5 20. Nf5+ gxf5 21. Qxd5 {1-0 (45) Zita,F-Trapl,J Prague 1963}) 15. Qb3 Rfd8 16. Rfd1 Qe8 17. c5 bxc5 18. bxc5 Bc6 19. Qa3 Ba4 20. Nb3 {And now Ba6 would win.} Ne4 21. Bxg7 Kxg7 22. Nfd4 Nxd4 23. exd4 e5 24. Qb2 f6 ({Black should try} 24... Ng5 $14) 25. Re1 $16 Bxb3 26. axb3 {[%cal Ba2b3,Bb3b4][%mdl 32]} exd4 27. Qxd4 {aiming for Ba6.} Qe5 28. Qxe5 fxe5 {[#]} 29. b4 $1 Rc7 30. Bd3 Rb8 31. Bxe4 {[%mdl 64] Overworked Piece} dxe4 {[%mdl 4096] Endgame KRR-KRR} 32. Rc4 Rcb7 33. Ra1 (33. Rcxe4 $14 Rxb4 34. Rxe5) 33... Rxb4 $11 {The position is equal.} 34. Rxb4 Rxb4 35. Rxa7+ {KR-KR} Kf6 {[%cal Rb4b1] [#]} 36. Kf1 h5 37. c6 Rc4 38. c7 h4 39. Ra4 Rxc7 40. Rxe4 g5 41. h3 Kf5 42. f3 $1 Rc1+ 43. Kf2 $1 Rc2+ 44. Kg1 Rc1+ 45. Kh2 Ra1 46. Rb4 Re1 47. Rc4 e4 48. fxe4+ Rxe4 (48... Kf4 {is more complex.} 49. Rc5 Rxe4 50. Rc8 Rb4 51. Rf8+ Ke4) 49. Rc5+ Kg6 50. Rc6+ Kf5 51. Rc5+ Kg6 52. Rc6+ Kf5 53. Rc5+ {Blacks defense is rewarded with a draw. Accuracy: White = 90%, Black = 92%.} 1/2-1/2